| 000 | 00831cab a2200253 4500 | ||
|---|---|---|---|
| 001 | WB2944-26 | ||
| 008 | 090401t1993 xxu||||| |||| 00| 0 eng d | ||
| 035 | _a(Sirsi) u76714 | ||
| 041 | _aeng | ||
| 245 | _aRegistration | ||
| 260 | _c1993 | ||
| 350 | _a0 | ||
| 490 |
_aEstates Gazette Case Summaries _v1993 EGCS 183 (20/11/93) |
||
| 520 | _a"R v Mid-Sussex DC ex parte Ridd and another", QBD 5 November 1993, which discussed whether the verge outside a property was classed as common land and therefore had to be kept free from enclosure. | ||
| 650 | _aCOMMON LAND | ||
| 650 | _aCOMMONS ACT 1876 S30 | ||
| 650 | _aCOMMONS REGISTRATION ACT 1965 | ||
| 650 | _aCOMMONS | ||
| 650 | _aENCLOSURE ACT 1845 | ||
| 650 | _aGRASS VERGE | ||
| 690 | _aHIGHWAYS AND RIGHTS OF WAY-CASE LAW | ||
| 942 | _n0 | ||
| 948 | _c04/03/1997 | ||
| 999 |
_c48200 _d48200 |
||